000 00909nam a2200277 i 4500
001 65012
003 ES-MaACL
005 20250728051136.0
007 t|
008 040108s1972 sp ||||1| spa d
080 _a338(8.03)
080 _a308(8.03)
080 _a323.32(8.03)
100 1 _aFrank, Andre Gunder,
_d1929-2005
_9182924
245 1 0 _aLumpenburguesía :
_blumpendesarrollo [dependencia, clase y política en Latinoamérica] /
_cAndré Gunder Frank.
250 _a1ª ed.
260 _aBarcelona :
_bLaia,
_c1972.
300 _a197 p. ;
_c19 cm.
490 1 _aEdiciones de bolsillo ;
_v212
650 _aClase media-
_zAmérica Latina.
_911109
651 4 _aAmérica Latina-
_xSituación económica
_97765
651 4 _aAmérica Latina-
_xSituación social
_97766
830 1 _aEdiciones de bolsillo ;
_v212
_9180756
852 _aES-MaACL
_jC-53247
999 _c65012
_d65012